000
00311nam a2200121Ia 4500
005
20251222141819.0
008
251222s9999||||xx |||||||||||||| ||spa||
020
_a
84-7130-506-2
082
_a
250.7/U61
245
0
_a
Anuario de derecho eclesiƔstico del estado
264
_b
Universidad Complutense
942
_c
LIB
999
_c
6744
_d
6744